000 00775nam a2200229 4500
005 20250617113544.0
010 _aENG-145409
020 _a9789361636691
_c370.00
035 _aEN-128941
037 _bDBAD
082 _a657
100 _aAnirudhan, B.
_982100
245 _aDigital Transformation in Marketing technology and Industrial Trends/
_cB. Anirudhan...[et.al]
260 _aMadurai
_bShanlax Publications
_c2024
270 _a61,66 Vasantha Nagar
_bMadurai
_e625003
_mshanlaxpublications@gmail.com
300 _a139p.
_c24cm(Pb)
700 _aM. Shanthana Lakshmi
_eAuthor
_982092
700 _aK. Rajarajeswari
_eAuthor
_982093
700 _aR. Mahadevi
_eAuthor
_982094
700 _aS. Shanthi
_982101
942 _2ddc
_cEN
_h658.8093321
_mANI
999 _c211847
_d211847